000 00561nam a2200181Ia 4500
003 GCL
008 140319s9999 xx 000 0 ara d
040 _aGCL /
_cGCL
082 0 4 _a912
_bم ع
100 1 _aمحمد صبحى عبدالحكيم
245 1 0 _aعلم الخرائط /
_cمحمد صبحى عبدالحكيم
260 _aالقاهرة :
_bمكتبة الانجلوالمصرية
300 _a338 ص ؛
_c24 سم
650 0 4 _aالمساحة
650 0 4 _aالخرائط
650 0 4 _aالخرائط - مقياس الرسم
942 _2ddc
_cBK
999 _c1027
_d1027